000 00527nam a22002177a 4500
003 UA-OsUOA
001 60652
007 ta
008 20090601b un ||||| |||| 00| 0 ukr d
100 _aВольвач П.
090 _a82
_bВ71
942 _cSA
040 _aUA-OsUOA
_bukr
_cUA-OsUOA
_dUA-OsUOA
245 _aГетьманат/Поезія
300 _aС.217-226
955 _a0
041 _aukr
080 _a82
773 0 _w60651
650 7 _a82 Література. Літературознавство
_2UDC
999 _c346998
_d346998